[Event "Novokuznetsk Old Stager op"]
[Site "Novokuznetsk"]
[Date "2015.02.14"]
[Round "8"]
[White "Bychkov, Alexandr Alexey"]
[Black "Koltsov, Vladimir Alex"]
[Result "1/2-1/2"]
[WhiteElo "2085"]
[BlackElo "2051"]
[PlyCount "62"]
[EventDate "2015.01.10"]
[EventType "swiss"]
[EventRounds "9"]
[EventCountry "RUS"]
[SourceTitle "EXT 2018"]
[Source "ChessBase"]
[SourceDate "2017.10.13"]
[SourceVersion "1"]
[SourceVersionDate "2017.10.13"]
[SourceQuality "1"]

1. e4 c6 2. d4 d5 3. Nd2 dxe4 4. Nxe4 Bf5 5. Ng3 Bg6 6. h4 h6 7. Nf3 Nd7 8. h5 Bh7 9. Bd3 Bxd3 10. Qxd3 Qc7 11. Bd2 e6 12. 0-0-0 Ngf6 13. Kb1 0-0-0 14. Qe2 Bd6 15. Ne4 Nxe4 16. Qxe4 Nf6 17. Qh4 e5 18. dxe5 Bxe5 19. Nxe5 Qxe5 20. Bc3 Qf5 21. f3 Rhg8 22. Qa4 a6 23. a3 Rd5 24. Rxd5 Nxd5 25. Bd4 f6 26. Qc4 Re8 27. Qc5 Qd7 28. Qa7 Nc7 29. Be3 Qd6 30. Rc1 Nb5 31. Qb6 Qd8 1/2-1/2

[Event "Novokuznetsk-ch"]
[Site "Novokuznetsk"]
[Date "2014.11.30"]
[Round "5"]
[White "Koltsov, Vladimir Alex"]
[Black "Khalimanov, Alexandr"]
[Result "0-1"]
[WhiteElo "2064"]
[BlackElo "1991"]
[PlyCount "70"]
[EventDate "2014.11.16"]
[EventType "swiss"]
[EventRounds "9"]
[EventCountry "RUS"]
[SourceTitle "EXT 2016"]
[Source "ChessBase"]
[SourceDate "2015.10.08"]
[SourceVersion "1"]
[SourceVersionDate "2015.10.08"]
[SourceQuality "1"]

1. Nf3 Nf6 2. c4 d6 3. g3 e5 4. d3 Be7 5. Bg2 0-0 6. Nc3 Nc6 7. 0-0 Nd4 8. e3 Nxf3+ 9. Qxf3 Rb8 10. h3 Bd7 11. d4 Bc6 12. d5 Bd7 13. Kh2 a6 14. a4 c6 15. e4 cxd5 16. cxd5 b5 17. axb5 axb5 18. b4 Qc7 19. Bd2 Ra8 20. Qd3 Qb7 21. Rfc1 Rfc8 22. Nd1 Bd8 23. f4 Bb6 24. Bc3 Re8 25. Rxa8 Qxa8 26. Ra1 Qb7 27. fxe5 dxe5 28. g4 Ba7 29. Bf3 h6 30. Ra2 Qb6 31. Rg2 Nh7 32. h4 Qf6 33. Be1 Bd4 34. Bg3 Nf8 35. Ne3 Qxf3 0-1

[Event "Novokuznetsk-ch"]
[Site "Novokuznetsk"]
[Date "2014.11.16"]
[Round "1"]
[White "Koltsov, Vladimir Alex"]
[Black "Parygin, Dmitriy"]
[Result "1-0"]
[WhiteElo "2064"]
[BlackElo "1840"]
[PlyCount "54"]
[EventDate "2014.11.16"]
[EventType "swiss"]
[EventRounds "9"]
[EventCountry "RUS"]
[SourceTitle "EXT 2016"]
[Source "ChessBase"]
[SourceDate "2015.10.08"]
[SourceVersion "1"]
[SourceVersionDate "2015.10.08"]
[SourceQuality "1"]

1. Nf3 Nf6 2. c4 d6 3. d4 Bf5 4. Nc3 h5 5. g3 Nc6 6. Bg2 Qd7 7. 0-0 e6 8. Nh4 Bh7 9. d5 exd5 10. cxd5 Ne5 11. f4 Ng6 12. Qb3 c5 13. dxc6 bxc6 14. Nxg6 Bxg6 15. f5 Bh7 16. e4 Be7 17. Bf4 0-0 18. Rad1 Qc7 19. Qc2 Rad8 20. Bf3 Rfe8 21. Be3 a6 22. Kg2 Ng4 23. Bf4 Qb6 24. h3 Ne3+ 25. Bxe3 Qxe3 26. Bxh5 Bf6 27. Qb3 Qa7 1-0

[Event "Novokuznetsk Kustov op"]
[Site "Novokuznetsk"]
[Date "2014.10.19"]
[Round "7"]
[White "Koltsov, Vladimir Alex"]
[Black "Khalimanov, Alexandr"]
[Result "1-0"]
[WhiteElo "2068"]
[BlackElo "1931"]
[PlyCount "101"]
[EventDate "2014.09.28"]
[EventType "swiss"]
[EventRounds "9"]
[EventCountry "RUS"]
[SourceTitle "EXT 2018"]
[Source "ChessBase"]
[SourceDate "2017.10.13"]
[SourceVersion "1"]
[SourceVersionDate "2017.10.13"]
[SourceQuality "1"]

1. Nf3 Nf6 2. c4 e6 3. Nc3 c5 4. d4 cxd4 5. Nxd4 Be7 6. Bf4 0-0 7. g3 d5 8. Ndb5 Na6 9. cxd5 Nxd5 10. Nxd5 exd5 11. Nd4 Bb4+ 12. Bd2 Qf6 13. e3 Bxd2+ 14. Qxd2 Nc5 15. Bg2 Ne4 16. Bxe4 dxe4 17. 0-0-0 Bg4 18. Rde1 Be6 19. Kb1 Bc4 20. Rc1 Qa6 21. b3 Bd3+ 22. Kb2 Qb6 23. h4 a5 24. a3 Bb5 25. Rhd1 Bd3 26. Qc3 Qf6 27. Rd2 b5 28. Qc6 Qe7 29. Qc7 Qxc7 30. Rxc7 Rfc8 31. Rxc8+ Rxc8 32. f4 g6 33. Rd1 Kg7 34. g4 h6 35. Rc1 Rxc1 36. Kxc1 Kf6 37. g5+ hxg5 38. hxg5+ Kg7 39. Nc6 a4 40. b4 Bc4 41. Kd2 f6 42. Kc3 Kf7 43. Kd4 Bd3 44. Kd5 fxg5 45. fxg5 Bc2 46. Nd4 Bd3 47. Kc5 Ke7 48. Nxb5 Kd7 49. Nc3 Bc2 50. b5 Kc7 51. Kb4 1-0

[Event "Novokuznetsk Kustov op"]
[Site "Novokuznetsk"]
[Date "2014.10.05"]
[Round "3"]
[White "Koltsov, Vladimir Alex"]
[Black "Shilintsev, Vladimir"]
[Result "1-0"]
[WhiteElo "2068"]
[BlackElo "1890"]
[PlyCount "85"]
[EventDate "2014.09.28"]
[EventType "swiss"]
[EventRounds "9"]
[EventCountry "RUS"]
[SourceTitle "EXT 2018"]
[Source "ChessBase"]
[SourceDate "2017.10.13"]
[SourceVersion "1"]
[SourceVersionDate "2017.10.13"]
[SourceQuality "1"]

1. d4 d5 2. c4 c6 3. Nc3 Nf6 4. e3 e6 5. Nf3 Nbd7 6. Bd3 dxc4 7. Bxc4 b5 8. Bb3 a6 9. 0-0 b4 10. Ne2 Bb7 11. Nf4 Bd6 12. Nd3 0-0 13. Bd2 a5 14. Rc1 Ne4 15. Qc2 Nxd2 16. Qxd2 a4 17. Bc2 Qb6 18. b3 a3 19. Rfe1 c5 20. dxc5 Nxc5 21. Nxc5 Bxc5 22. Bxh7+ Kh8 23. Bb1 g6 24. Qe2 Rfd8 25. Ng5 Kg7 26. Nxf7 Kxf7 27. Qc2 Rac8 28. Qxg6+ Kf8 29. Qf6+ Kg8 30. Rc4 Bd4 31. Rxd4 Rxd4 32. exd4 Qc6 33. f3 Qd5 34. Be4 Qd7 35. Bxb7 Qxb7 36. Qxe6+ Kh8 37. Qh6+ Kg8 38. Qg6+ Kh8 39. Re5 Qg7 40. Re8+ Rxe8 41. Qxe8+ Kh7 42. Qh5+ Kg8 43. Qg4 1-0

[Event "Novokuznetsk-ch"]
[Site "Novokuznetsk"]
[Date "2013.12.01"]
[Round "5"]
[White "Koltsov, Vladimir Alex"]
[Black "Guliashvili, Liana"]
[Result "0-1"]
[WhiteElo "2066"]
[BlackElo "2008"]
[PlyCount "126"]
[EventDate "2013.11.17"]
[EventType "swiss"]
[EventRounds "9"]
[EventCountry "RUS"]
[SourceTitle "EXT 2015"]
[Source "ChessBase"]
[SourceDate "2014.11.20"]
[SourceVersion "1"]
[SourceVersionDate "2014.11.20"]
[SourceQuality "1"]

1. d4 d5 2. c4 e6 3. Nc3 Nf6 4. cxd5 exd5 5. Nf3 Be7 6. g3 b6 7. Bg2 Bb7 8. 0-0 Nbd7 9. Bf4 Rc8 10. Rc1 a6 11. a3 c5 12. Bh3 c4 13. Ne5 Ra8 14. Nxd7 Nxd7 15. a4 Nf6 16. Re1 0-0 17. Qc2 Bb4 18. Bd2 Bc6 19. Ra1 Qd6 20. f3 b5 21. axb5 axb5 22. Rxa8 Rxa8 23. Bg2 Ba5 24. Rb1 b4 25. Nd1 Bb6 26. e3 Ra2 27. Qc1 Ra8 28. Nf2 Bb5 29. Qe1 Ba5 30. Ra1 Qc6 31. Bxb4 Bxb4 32. Rxa8+ Qxa8 33. Qxb4 Qa4 34. Qxa4 Bxa4 35. e4 Kf8 36. Bf1 Bb3 37. g4 dxe4 38. fxe4 Nd7 39. Be2 Nb6 40. Bd1 Ke7 41. Bxb3 cxb3 42. Nd3 Nc4 43. Kf2 Nd2 44. Nc5 Nc4 45. Nd3 Nd2 46. e5 f6 47. Ke3 Nf1+ 48. Kf4 g5+ 49. Kf5 Ne3+ 50. Ke4 Nxg4 51. h3 Nh6 52. Nc5 f5+ 53. Kf3 Nf7 54. Nxb3 Ke6 55. Ke3 Kd5 56. Nd2 Nd8 57. Nb3 Ne6 58. Kf3 Kc4 59. Kg3 Kxb3 60. d5 Nc7 61. h4 h6 62. d6 Ne6 63. hxg5 hxg5 0-1

[Event "Novokuznetsk-ch"]
[Site "Novokuznetsk"]
[Date "2013.05.09"]
[Round "6"]
[White "Lavrov, Sergey Viktorovich"]
[Black "Koltsov, Vladimir Alex"]
[Result "1-0"]
[WhiteElo "2373"]
[BlackElo "2063"]
[PlyCount "69"]
[EventDate "2013.05.01"]
[EventType "swiss"]
[EventRounds "9"]
[EventCountry "RUS"]
[SourceTitle "CBM 154 Extra"]
[Source "ChessBase"]
[SourceDate "2013.06.25"]
[SourceVersion "2"]
[SourceVersionDate "2013.06.25"]
[SourceQuality "1"]

1. e4 e5 2. Nf3 Nc6 3. Bb5 a6 4. Ba4 Nf6 5. 0-0 Be7 6. Re1 b5 7. Bb3 d6 8. c3 Na5 9. Bc2 c5 10. d4 Qc7 11. Nbd2 0-0 12. Nf1 Nc4 13. a4 Bb7 14. d5 Nb6 15. Qe2 c4 16. Ne3 g6 17. g3 Bc8 18. Nh4 Nh5 19. Nhf5 Bd8 20. Ng4 Bxf5 21. exf5 Nf6 22. Bh6 Re8 23. axb5 axb5 24. Rxa8 Nxa8 25. Qf3 Nxg4 26. Qxg4 Qe7 27. fxg6 fxg6 28. Bxg6 hxg6 29. Qxg6+ Kh8 30. Bg7+ Qxg7 31. Qxe8+ Qg8 32. Qc6 Nc7 33. Qxd6 Qxd5 34. Qxd5 Nxd5 35. Rd1 1-0

[Event "Novokuznetsk-ch"]
[Site "Novokuznetsk"]
[Date "2013.05.04"]
[Round "4"]
[White "Chernov, Mikhail"]
[Black "Koltsov, Vladimir Alex"]
[Result "1-0"]
[WhiteElo "2212"]
[BlackElo "2063"]
[PlyCount "41"]
[EventDate "2013.05.01"]
[EventType "swiss"]
[EventRounds "9"]
[EventCountry "RUS"]
[SourceTitle "CBM 154 Extra"]
[Source "ChessBase"]
[SourceDate "2013.06.25"]
[SourceVersion "2"]
[SourceVersionDate "2013.06.25"]
[SourceQuality "1"]

1. e4 e5 2. Nc3 Nc6 3. f4 exf4 4. Nf3 d6 5. d4 g5 6. Bb5 Bd7 7. h4 g4 8. Ng5 h6 9. Nxf7 Kxf7 10. Bxf4 Bg7 11. e5 dxe5 12. Bc4+ Ke8 13. Bxe5 Nxe5 14. dxe5 Bf5 15. Qe2 c6 16. Rd1 Qe7 17. 0-0 Qc5+ 18. Kh1 Ne7 19. Rxf5 Nxf5 20. Qxg4 Rf8 21. Qg6+ 1-0

[Event "Novokuznetsk-ch"]
[Site "Novokuznetsk"]
[Date "2012.12.01"]
[Round "4"]
[White "Koltsov, Vladimir Alex"]
[Black "Akishina, Tatyana"]
[Result "0-1"]
[WhiteElo "2059"]
[BlackElo "1975"]
[PlyCount "52"]
[EventDate "2012.11.18"]
[EventType "swiss"]
[EventRounds "9"]
[EventCountry "RUS"]
[SourceTitle "EXT 2014"]
[Source "ChessBase"]
[SourceDate "2013.11.20"]
[SourceVersion "1"]
[SourceVersionDate "2013.11.20"]
[SourceQuality "1"]

1. d4 d5 2. c4 c6 3. Nc3 e6 4. e3 f5 5. Nf3 Nf6 6. Bd3 Bd6 7. 0-0 Nbd7 8. Qc2 Ne4 9. b3 0-0 10. Ne2 Rf6 11. g3 Rh6 12. Bb2 Qe8 13. Nf4 g5 14. Ng2 Qh5 15. Qe2 Ndf6 16. h4 gxh4 17. Nfxh4 Qg5 18. Rfc1 Bd7 19. Bc3 Nxc3 20. Rxc3 Ne4 21. Bxe4 fxe4 22. Kf1 Rf8 23. Nf4 e5 24. dxe5 Bxe5 25. Rac1 d4 26. R3c2 dxe3 0-1

[Event "Novokuznetsk-ch HL"]
[Site "Novokuznetsk"]
[Date "2012.04.30"]
[Round "1"]
[White "Kolokoltsev, Egor"]
[Black "Koltsov, Vladimir Alex"]
[Result "0-1"]
[WhiteElo "1877"]
[BlackElo "2100"]
[PlyCount "120"]
[EventDate "2012.04.30"]
[EventType "swiss"]
[EventRounds "8"]
[EventCountry "RUS"]
[SourceTitle "EXT 2013"]
[Source "ChessBase"]
[SourceDate "2012.11.22"]
[SourceVersion "1"]
[SourceVersionDate "2012.11.22"]
[SourceQuality "1"]

1. d4 Nf6 2. Bf4 d5 3. e3 c6 4. Nc3 Bf5 5. Bd3 Qd7 6. Nf3 Bxd3 7. Qxd3 Qc8 8. Ne5 Nbd7 9. Ne2 e6 10. c3 Be7 11. 0-0 0-0 12. Ng3 Nxe5 13. Bxe5 Ne8 14. e4 Qd7 15. Bf4 dxe4 16. Nxe4 Nf6 17. Nxf6+ Bxf6 18. Qg3 Rac8 19. Rfe1 Rfd8 20. Be5 Qe7 21. Re4 c5 22. Rg4 g6 23. Qf4 Bg7 24. Bxg7 Kxg7 25. Qe5+ Qf6 26. Qxf6+ Kxf6 27. dxc5 Rxc5 28. Kf1 Rd2 29. Rb1 Rf5 30. f3 Rb5 31. Rf4+ Ke7 32. Rb4 Rxb4 33. cxb4 Kd6 34. a3 h5 35. b3 h4 36. Rc1 h3 37. gxh3 Rxh2 38. Kg1 Rxh3 39. Kg2 Rh5 40. Kg3 Rd5 41. Rc3 g5 42. a4 f5 43. b5 Rd2 44. Rc8 Rb2 45. Rd8+ Kc7 46. Re8 Rxb3 47. Rxe6 g4 48. Rf6 Rxf3+ 49. Kg2 Ra3 50. Rxf5 Rxa4 51. Rg5 Rb4 52. Kf1 Kb6 53. Ke2 Rxb5 54. Rxg4 Rd5 55. Rg3 a5 56. Rd3 Rxd3 57. Kxd3 Kc5 58. Kc2 Kb4 59. Kb1 Kc3 60. Ka1 b5 0-1

[Event "Novokuznetsk-ch"]
[Site "Novokuznetsk"]
[Date "2011.??.??"]
[Round "3"]
[White "Alimov, Alexander"]
[Black "Koltsov, Vladimir Alex"]
[Result "0-1"]
[WhiteElo "1993"]
[BlackElo "2112"]
[PlyCount "50"]
[EventDate "2011.11.19"]
[EventType "swiss"]
[EventRounds "9"]
[EventCountry "RUS"]
[SourceTitle "EXT 2013"]
[Source "ChessBase"]
[SourceDate "2012.11.22"]
[SourceVersion "1"]
[SourceVersionDate "2012.11.22"]
[SourceQuality "1"]

1. c4 Nf6 2. Nc3 g6 3. e4 d6 4. d4 Bg7 5. f3 0-0 6. Be3 Nbd7 7. Nge2 c5 8. Qd2 a6 9. Rd1 Qa5 10. Nc1 cxd4 11. Bxd4 Ne5 12. a3 Be6 13. Nb3 Qc7 14. Nd5 Bxd5 15. cxd5 Rac8 16. Bc3 Nfd7 17. Rc1 Qb6 18. Nd4 Nc5 19. Rd1 Na4 20. Ba5 Qxb2 21. Qxb2 Nxb2 22. Rb1 Nec4 23. Bxc4 Nxc4 24. Nb3 Nxa5 25. Nxa5 Bc3+ 0-1

[Event "Novokuznetsk-ch"]
[Site "Novokuznetsk"]
[Date "2011.??.??"]
[Round "7"]
[White "Koltsov, Vladimir Alex"]
[Black "Bochkarev, Semen"]
[Result "1-0"]
[WhiteElo "2112"]
[BlackElo "1939"]
[PlyCount "87"]
[EventDate "2011.11.19"]
[EventType "swiss"]
[EventRounds "9"]
[EventCountry "RUS"]
[SourceTitle "EXT 2013"]
[Source "ChessBase"]
[SourceDate "2012.11.22"]
[SourceVersion "1"]
[SourceVersionDate "2012.11.22"]
[SourceQuality "1"]

1. d4 d5 2. c4 e5 3. dxe5 d4 4. Nf3 Nc6 5. Bg5 Be7 6. Bf4 Bf5 7. Nbd2 Nb4 8. Rc1 Nxa2 9. Qa4+ Qd7 10. Qxa2 h5 11. h4 Rd8 12. c5 Nh6 13. Ng5 f6 14. exf6 gxf6 15. Ngf3 Ng4 16. b4 a6 17. Qa5 Rc8 18. Rc4 d3 19. e3 Qb5 20. Bxc7 Bd8 21. Bxd8 Rxd8 22. Qxb5+ axb5 23. Rd4 Ra8 24. Nb1 Ra1 25. Nfd2 Ne5 26. e4 Be6 27. Bxd3 Nxd3+ 28. Rxd3 Bc4 29. Rd4 Ke7 30. f3 Rha8 31. Kf2 R8a2 32. Kg3 Rb2 33. Nxc4 Rxb4 34. Rdd1 Rxc4 35. Nd2 Rxd1 36. Rxd1 Rxc5 37. Rb1 Kd6 38. Nb3 Rc7 39. Nd4 Rg7+ 40. Kf2 Ke5 41. Nxb5 Rd7 42. Ke3 Rg7 43. f4+ Ke6 44. Nd4+ 1-0

[Event "Novokuznetsk-ch"]
[Site "Novokuznetsk"]
[Date "2011.??.??"]
[Round "9"]
[White "Koltsov, Vladimir Alex"]
[Black "Kosheparova, Tatiana"]
[Result "1-0"]
[WhiteElo "2112"]
[BlackElo "1938"]
[PlyCount "123"]
[EventDate "2011.11.19"]
[EventType "swiss"]
[EventRounds "9"]
[EventCountry "RUS"]
[SourceTitle "EXT 2013"]
[Source "ChessBase"]
[SourceDate "2012.11.22"]
[SourceVersion "1"]
[SourceVersionDate "2012.11.22"]
[SourceQuality "1"]

1. d4 Nf6 2. c4 c5 3. e3 e6 4. Nf3 g6 5. Be2 Bg7 6. 0-0 cxd4 7. exd4 0-0 8. Nc3 d5 9. Bg5 dxc4 10. Bxc4 Qc7 11. Qe2 Nbd7 12. Rac1 a6 13. d5 exd5 14. Nxd5 Nxd5 15. Bxd5 Qa5 16. Rfd1 Nf6 17. Bb3 Bg4 18. Be3 Rfe8 19. h3 Be6 20. Bxe6 Rxe6 21. Qc4 Rc6 22. Qb3 Rxc1 23. Rxc1 Re8 24. Qxb7 Qxa2 25. Rc8 Qa4 26. Ng5 Qd1+ 27. Kh2 Qd6+ 28. g3 Rxc8 29. Qxc8+ Qf8 30. Qxa6 Nd5 31. Qa3 Qxa3 32. bxa3 Bb2 33. Bc5 Nc7 34. a4 f6 35. Nf3 Kf7 36. Bd4 Ba3 37. Nd2 Ne6 38. Bb6 Nc5 39. a5 Na6 40. Ne4 Ke6 41. f4 h6 42. g4 Be7 43. Kg3 f5 44. Nc3 Bb4 45. Nb5 Be1+ 46. Kf3 Kd7 47. gxf5 gxf5 48. Nd4 h5 49. Nxf5 h4 50. Kg4 Ke6 51. Nxh4 Nb8 52. f5+ Kf7 53. Nf3 Bc3 54. Kf4 Nd7 55. Bc7 Nf6 56. Bb6 Nd5+ 57. Ke4 Ne7 58. a6 Nc8 59. Bc5 Bf6 60. a7 Nxa7 61. Bxa7 Ke7 62. Bd4 1-0